000 02102nac a2200301 a 4500
003 CO-PeBPM
005 20250422174809.0
007 ta
008 250422s2016 ck |||| |||| 00| 0 spa d
020 _aISBN: 9789585945210
040 _aCO-PeBPM
_bspa
_cCO-PeBPM
_erda
041 _aspa
082 0 4 _a927 M931A
_222
245 1 0 _aMourinho Rockstar
_b: Las dos caras del entrenador más polémico del mundo
_c / Luís Aguilar ; traducción de Felipe Cammaert.
250 _aPrimera edición
260 _aBogotá, Colombia
_b: Semana Libros
_c, 2016
300 _a149 páginas
_c23 centímetros
490 _aCarácter
500 _aIncluye índice y cronología
500 _aContiene datos biográficos del autor en la solapa texto
504 _aIncluye bibliografía al final del texto
520 _aEste libro es la biografía profesional y pasional de Mourinho contada a través de las más grandes controversias que tuvo con jugadores, entrenadores, dirigentes y periodistas. En 2011, cuando era entrenador del Real Madrid, José Mourinho fue considerado por la edición española de la revista Rolling Stone como «el Rockstar del año». Fue la primera vez que esta publicación eligió para esta categoría a una figura ajena al mundo de la música. ¿Por qué? Por «el maquiavélico arte de sacar de quicio a todo el mundo». Por encarnar a un espíritu rock’n’roll en la manera como encara los desafíos de su profesión. Un hombre a quien se ama o se odia, no hay término medio. Mourinho nunca suscita indiferencia, para bien o para mal. Mourinho Rockstar muestra las dos caras de este hombre, un antihéroe de los tiempos modernos. Retratado por aquellos que convivieron con él, de Ibrahimovic a Pep Guardiola, pasando por Alex Ferguson, Jorge Costa o Sergio Ramos, entre muchos otros. Por un lado, quienes lo admiran. Por el otro, quienes no lo soportan.
600 1 4 _aMourinho, José Mário dos Santos,
_2LEMB
_d1963-
650 1 4 _aDeportes
_2LEMB
650 1 4 _aEntrenadores de fútbol - Biografías
_2LEMB
700 1 4 _aCammaert, Felipe
_etraductor
942 _2ddc
_cBK
_n0
999 _c60733
_d60733